DEFRA consults on agri-environment schemes (Record no. 71788)
[ view plain ]
| 000 -LEADER | |
|---|---|
| fixed length control field | 01094cam a2200229 4500 |
| 001 - CONTROL NUMBER | |
| control field | WB3901-29 |
| 008 - FIXED-LENGTH DATA ELEMENTS--GENERAL INFORMATION | |
| fixed length control field | 021217n2002 000 0 eng u |
| 035 ## - SYSTEM CONTROL NUMBER | |
| System control number | (Sirsi) u120808 |
| 245 ## - TITLE STATEMENT | |
| Title | DEFRA consults on agri-environment schemes |
| 260 ## - PUBLICATION, DISTRIBUTION, ETC. | |
| Date of publication, distribution, etc. | 2002 |
| 490 ## - SERIES STATEMENT | |
| Series statement | DEFRA News Release |
| Volume/sequential designation | (519/02) 16 December 2002 (3) |
| 520 ## - SUMMARY, ETC. | |
| Summary, etc. | DEFRA launched a second consultation document seeking views on the future framework for agri-environment schemes in England. "The Agri-environment schemes framework document - a consultation on the future of agri-environment schemes" outlines the decisions, proposals and options gathered following the first consultation. For the DEFRA press release http://www.nds.coi.gov.uk/coi/coipress.nsf/567e3dc25f61661580256ae8003b4907/de70ab2b6184028880256c9100417371?OpenDocument |
| 590 ## - LOCAL NOTE (RLIN) | |
| Local note | WB |
| 650 ## - SUBJECT ADDED ENTRY--TOPICAL TERM | |
| Topical term or geographic name entry element | DEFRA |
| 650 ## - SUBJECT ADDED ENTRY--TOPICAL TERM | |
| Topical term or geographic name entry element | AGRI-ENVIRONMENT SCHEMES |
| 650 ## - SUBJECT ADDED ENTRY--TOPICAL TERM | |
| Topical term or geographic name entry element | CONSULTATION |
| 650 ## - SUBJECT ADDED ENTRY--TOPICAL TERM | |
| Topical term or geographic name entry element | COMMON AGRICULTURAL POLICY |
| 650 ## - SUBJECT ADDED ENTRY--TOPICAL TERM | |
| Topical term or geographic name entry element | ENVIRONMENTALLY SENSITIVE AREAS |
| 650 ## - SUBJECT ADDED ENTRY--TOPICAL TERM | |
| Topical term or geographic name entry element | COUNTRYSIDE STEWARDSHIP SCHEMES |
| 690 ## - LOCAL SUBJECT ADDED ENTRY--TOPICAL TERM (OCLC, RLIN) | |
| Topical term or geographic name as entry element | Rural |
| 9 (RLIN) | 6268 |
| 942 ## - ADDED ENTRY ELEMENTS (KOHA) | |
| Suppress in OPAC | 0 |
| Withdrawn status | Lost status | Source of classification or shelving scheme | Damaged status | Not for loan | Home library | Current library | Shelving location | Date acquired | Total Checkouts | Full call number | Barcode | Date last seen | Copy number | Price effective from | Koha item type |
|---|---|---|---|---|---|---|---|---|---|---|---|---|---|---|---|
| Dewey Decimal Classification | London | London | News article | 17/12/2002 | WB3901-29 | 120808-1001 | 06/08/2019 | 1 | 06/08/2019 | News article |